<?xml version="1.0" encoding="UTF-8"?>
<record
    xmlns:xsi="http://www.w3.org/2001/XMLSchema-instance"
    xsi:schemaLocation="http://www.loc.gov/MARC21/slim http://www.loc.gov/standards/marcxml/schema/MARC21slim.xsd"
    xmlns="http://www.loc.gov/MARC21/slim">

  <leader>01556    a2200241   4500</leader>
  <controlfield tag="001">62938</controlfield>
  <controlfield tag="005">20260407155923.0</controlfield>
  <controlfield tag="008">260407a1975    arg                 spa d</controlfield>
  <controlfield tag="003">AR-UNSa-BCEJYS</controlfield>
  <datafield tag="040" ind1=" " ind2=" ">
    <subfield code="a">AR-UNSa-BCEJYS</subfield>
    <subfield code="b">spa</subfield>
    <subfield code="c">AR-UNSa-BCEJYS</subfield>
  </datafield>
  <datafield tag="080" ind1=" " ind2=" ">
    <subfield code="a">37.018</subfield>
    <subfield code="x">Formas b&#xE1;sicas de la educaci&#xF3;n (Educaci&#xF3;n No Formal)</subfield>
  </datafield>
  <datafield tag="245" ind1="1" ind2="0">
    <subfield code="a">La lucha contra la pobreza rural</subfield>
    <subfield code="p">Estudio preparado para el Banco Mundial por el Consejo Internacional para el Desarrollo de la Educaci&#xF3;n</subfield>
  </datafield>
  <datafield tag="020" ind1=" " ind2=" ">
    <subfield code="a">978-84-309-0559-1</subfield>
  </datafield>
  <datafield tag="264" ind1=" " ind2="1">
    <subfield code="a">Madrid :</subfield>
    <subfield code="b">Tecnos</subfield>
    <subfield code="c">1975</subfield>
  </datafield>
  <datafield tag="300" ind1=" " ind2=" ">
    <subfield code="a">371 p.</subfield>
    <subfield code="c">23 cm.</subfield>
  </datafield>
  <datafield tag="505" ind1=" " ind2=" ">
    <subfield code="a">1. Antecedentes de estudio - 2. Consideraci&#xF3;n sobre la educaci&#xF3;n rural - 3. Los programas de extensi&#xF3;n en la agricultura - 4. Los programas de capacitaci&#xF3;n en la agricultura - 5. La capacitaci&#xF3;n para profesiones no agr&#xED;colas - 6. El m&#xE9;todo de la autoayuda en el desarrollo rural - 7. El enfoque integrado del desarrollo agr&#xED;cola - 8. Cr&#xED;tica de la educaci&#xF3;n agr&#xED;cola y de los sistemas de investigaci&#xF3;n - 9. Cr&#xED;tica de los programas de capacitaci&#xF3;n para profesiones rurales no agr&#xED;colas - 10. Perfeccionamiento de las tecnolog&#xED;as de la educaci&#xF3;n no formal - 11. La econom&#xED;a de la educaci&#xF3;n no formal - 12. Planificaci&#xF3;n, organizaci&#xF3;n, direcci&#xF3;n y formaci&#xF3;n del personal - 13. Recapitulaci&#xF3;n y comentario final - </subfield>
  </datafield>
  <datafield tag="041" ind1=" " ind2=" ">
    <subfield code="a">spa</subfield>
  </datafield>
  <datafield tag="942" ind1=" " ind2=" ">
    <subfield code="c">BK</subfield>
  </datafield>
  <datafield tag="590" ind1=" " ind2=" ">
    <subfield code="a">niveau_biblio:m niveau_hierar:0</subfield>
  </datafield>
  <datafield tag="100" ind1="1" ind2=" ">
    <subfield code="a">Coombs, Philip H.</subfield>
  </datafield>
  <datafield tag="700" ind1="1" ind2=" ">
    <subfield code="a">Ahmed, Manzoor</subfield>
  </datafield>
  <datafield tag="700" ind1="1" ind2=" ">
    <subfield code="a">Consejo Internacional para el Desarrollo de la Educaci&#xF3;n (CIDE)</subfield>
  </datafield>
  <datafield tag="999" ind1=" " ind2=" ">
    <subfield code="c">7885</subfield>
    <subfield code="d">7885</subfield>
  </datafield>
  <datafield tag="952" ind1=" " ind2=" ">
    <subfield code="0">0</subfield>
    <subfield code="1">0</subfield>
    <subfield code="4">0</subfield>
    <subfield code="7">0</subfield>
    <subfield code="a">BCEJYS</subfield>
    <subfield code="b">BCEJYS</subfield>
    <subfield code="c">16</subfield>
    <subfield code="d">2026-04-07</subfield>
    <subfield code="l">0</subfield>
    <subfield code="o">37.018 C775</subfield>
    <subfield code="p">L65137</subfield>
    <subfield code="r">2026-04-07 15:59:23</subfield>
    <subfield code="w">2026-04-07</subfield>
    <subfield code="y">L</subfield>
  </datafield>
</record>
